| 000 | 00945cam a2200301 4500 | ||
|---|---|---|---|
| 001 | 1239139 | ||
| 003 | ARRUPE | ||
| 005 | 20131220132712.0 | ||
| 008 | 710308s1970 enkabch b 001 0 eng | ||
| 010 | _a 70540014 | ||
| 015 | _aB70-27350 | ||
| 020 | _a0500450072 | ||
| 040 |
_aDLC _cDLC _dDLC |
||
| 043 |
_ae-uk--- _ab------ |
||
| 050 | 0 | 0 |
_aDA16 _b.G66 |
| 082 | 0 | 0 | _a910.09/171/242 |
| 100 | 1 |
_aGraham, Gerald Sandford, _d1903- _96234 |
|
| 245 | 1 | 2 |
_aA concise history of the British Empire _c[by] Gerald S. Graham. |
| 260 |
_aLondon, _bThames & Hudson, _c1970. |
||
| 300 |
_a288 p. _billus., facsims., maps, ports. _c24 cm. |
||
| 350 | _a50/- | ||
| 504 | _aBibliography: p. 272-275. | ||
| 610 | 2 | 0 |
_aCommonwealth of Nations _xHistory. _96235 |
| 651 | 0 |
_aGreat Britain _xColonies _xHistory. _96236 |
|
| 651 | 0 |
_aCommonwealth countries _xHistory. _96237 |
|
| 906 |
_a7 _bcbc _corignew _d3 _encip _f19 _gy-gencatlg |
||
| 942 |
_2lcc _cMONOGRAPH |
||
| 999 |
_c119430 _d119430 |
||